Política comercial de la Unión Europea /
El interés del artículo es comentar los elementos más relevantes de la política comercial reciente de uno de las dos mayores potencias en el mundo: la Unión en Europea. El enfoque particular del artículo consiste en profundizar en los elementos que pueden definir el rumbo de las negociaciones de un...
Guardado en:
| Hovedforfatter: | |
|---|---|
| Format: | Texto |
| Fag: | |
| Tags: |
Tilføj Tag
Ingen Tags, Vær først til at tagge denne postø!
|
MARC
| LEADER | 00000 a a2200000 04500 | ||
|---|---|---|---|
| 001 | 43541 | ||
| 003 | |||
| 040 | |||
| 100 | |a Hernández, Greivin | ||
| 245 | |a Política comercial de la Unión Europea / |c Greivin Hernández | ||
| 520 | |a El interés del artículo es comentar los elementos más relevantes de la política comercial reciente de uno de las dos mayores potencias en el mundo: la Unión en Europea. El enfoque particular del artículo consiste en profundizar en los elementos que pueden definir el rumbo de las negociaciones de un Acuerdo de Asociación entre Centroamérica y la Unión Europea lanzadas en la Cuarta reunión de la Unión Europea, América Latina y el Caribe. | ||
| 590 | |a RRH/DICIEMBRE2013 | ||
| 650 | |a ACUERDOS INTERNACIONALES | ||
| 650 | |a COMERCIO INTERNACIONAL | ||
| 650 | |a RELACIONES INTERNACIONES | ||
| 650 | |a CRECIMIENTO ECONOMICO | ||
| 650 | |a AMERICA CENTRAL | ||
| 650 | |a UNION EUROPEA | ||
| 773 | |g páginas 212-235 : tablas, gráficos | ||
| 999 | |c 21011 |d 21011 | ||
